[Event "3rd UKR Games Men"]
[Site "Evpatoria UKR"]
[Date "2007.05.21"]
[Round "1"]
[White "Shkuro,I"]
[Black "Shneider,A"]
[Result "1/2-1/2"]
[WhiteElo "2463"]
[BlackElo "2532"]

1.e4 c5 2.Nc3 Nc6 3.Bb5 Nd4 4.Bc4 e6 5.Nf3 Ne7 6.Nxd4 cxd4 7.Ne2 Nc6 8.O-O Bc5
9.a3 O-O 10.d3 f5 11.exf5 Rxf5 12.Ng3 Rf8 13.f4 d5 14.Ba2 g6 15.Qf3 Ne7 16.Bd2 Bd7
17.Rae1 Rf7 18.Re2 a5 19.Rfe1 Qb6 20.Bc1 Raf8 21.Qg4 Nf5 22.Nxf5 Rxf5 23.Qf3 R5f6
24.h4 Bd6 25.g3 Kh8 26.Qg2 Rc8 27.Rf1 a4 28.Ref2 Rcf8 29.Qh2 Qc7 30.Qg2 Bc6
31.Qh2 Qf7 32.Qg2  1/2-1/2

[Event "V Regina Helena Marques Prol"]
[Site "Santos BRA"]
[Date "2007.05.21"]
[Round "4"]
[White "Marra,E"]
[Black "Stamenkovic,Dr"]
[Result "0-1"]
[WhiteElo "2290"]
[BlackElo "2423"]

1.e4 c5 2.Nf3 Nc6 3.Nc3 g6 4.d4 cxd4 5.Nxd4 Bg7 6.Be3 Nf6 7.Nxc6 bxc6 8.e5 Ng8
9.Bd4 c5 10.Bxc5 Qc7 11.Bd4 Bxe5 12.Nb5 Qb8 13.Bc4 Nf6 14.h3 d5 15.Be2 O-O
16.O-O Bxd4 17.Qxd4 a6 18.Nc3 e5 19.Qh4 Kg7 20.f4 e4 21.f5 Qxb2 22.Qg3 Qb8
23.Qxb8 Rxb8 24.fxg6 hxg6 25.Rad1 Rb2 26.Rxf6 Kxf6 27.Nxd5+ Kg5 28.Ne3 Rxa2
29.Rd5+ Kf6 30.Bc4 Ra1+ 31.Kf2 a5 32.Bb3 Be6 33.Rd6 Ke7 34.Ra6 Bxb3 35.cxb3 Rb8
36.Nc4 Rxb3 37.Nxa5 Ra2+ 38.Kg1 Rb1+ 39.Kh2 Kf8  0-1

[Event "3rd UKR Games Women"]
[Site "Evpatoria UKR"]
[Date "2007.05.22"]
[Round "2"]
[White "Kalinina,O"]
[Black "Stetsyuk,O"]
[Result "1-0"]
[WhiteElo "2192"]
[BlackElo "1869"]

1.e4 c5 2.Nf3 Nc6 3.Nc3 a6 4.d4 cxd4 5.Nxd4 e5 6.Nxc6 bxc6 7.Bc4 Bc5 8.Qh5 Qf6
9.O-O Ne7 10.Be3 d6 11.Bxc5 dxc5 12.Na4 Ng6 13.g3 O-O 14.Nxc5 Qd6 15.b4 Qd2
16.a3 a5 17.Rfd1 Qc3 18.Bb3 axb4 19.Na4 Rxa4 20.Bxa4 bxa3 21.Qe2 Be6 22.Qd3 Qc5
23.Qxa3 Qxa3 24.Rxa3 Ra8 25.Raa1 c5 26.Bc6 Rb8 27.Ra5 h5 28.Rxc5 Bh3 29.Bd5 h4
30.Rc7  1-0

[Event "3rd UKR Games Men"]
[Site "Evpatoria UKR"]
[Date "2007.05.22"]
[Round "3"]
[White "Shilin,D"]
[Black "Sharapov,E"]
[Result "1/2-1/2"]
[WhiteElo "2383"]
[BlackElo "2428"]

1.e4 c5 2.Nc3 Nc6 3.Bb5 Nd4 4.a4 g6 5.Nge2 Bg7 6.O-O e6 7.Nxd4 cxd4 8.Ne2 Ne7
9.c3 a6 10.Bc4 Nc6 11.d3 O-O 12.cxd4 Nxd4 13.Be3 Nxe2+ 14.Qxe2 d5 15.Bb3 d4
16.Bd2 Bd7 17.a5 Rc8 18.Bc4 Kh8 19.Bb4 Re8 20.e5 Bc6 21.Bd6 Bf8 22.Bxf8 Rxf8
23.b3 Bd5 24.f4 Rc5 25.Qd2 Qd7 26.Ra2 Rfc8 27.Qf2 R5c7 28.Qxd4 Bxc4 29.Qxd7 Rxd7
30.dxc4 Rd3 31.Rb1 Rcd8 32.Rbb2 R8d4 33.g3 h5 34.Kg2 g5 35.fxg5 Re4 36.Rd2 Rxb3
37.Rd7 Rxe5 38.Rf2 Rxa5 39.g6 Rf5 40.Rxf5 exf5 41.Rxf7 Rb4 42.Kh3 Rxc4 43.Rxb7 f4
44.g4 hxg4+ 45.Kxg4 f3+ 46.Kg5 Rc5+ 47.Kh6 Rc8 48.Rf7 a5 49.h4 a4 50.Rxf3 Ra8
51.Ra3 Kg8 52.h5 Kh8 53.Kg5 Ra5+ 54.Kg4 Kg7 55.Rf3 Kh6 56.Rf7 Rg5+ 57.Kf4 Rxh5
58.g7 Kh7 59.Ra7  1/2-1/2

[Event "3rd UKR Games Men"]
[Site "Evpatoria UKR"]
[Date "2007.05.22"]
[Round "3"]
[White "Muzychuk,A"]
[Black "Stets,D"]
[Result "1/2-1/2"]
[WhiteElo "2474"]
[BlackElo "2380"]

1.e4 c5 2.Nc3 Nc6 3.Bb5 Nd4 4.Nf3 g6 5.Ba4 Bg7 6.O-O a6 7.d3 e6 8.Nxd4 cxd4
9.Ne2 Ne7 10.c3 dxc3 11.Nxc3 O-O 12.d4 d5 13.e5 f6 14.exf6 Bxf6 15.Be3 Nf5
16.Bc2 Nxe3 17.fxe3 Bd7 18.Qd2 Rc8 19.Rf3 Bg5 20.Raf1 Qe7 21.Rxf8+ Rxf8 22.Rxf8+ Qxf8
23.Ne2 Qd6 24.Nf4 Bd8 25.g3 Bf6 26.Bd1 Be8 27.Nd3  1/2-1/2

[Event "3rd UKR Games Men"]
[Site "Evpatoria UKR"]
[Date "2007.05.23"]
[Round "4"]
[White "Khaetsky,R"]
[Black "Kobyliansky,I"]
[Result "1-0"]
[WhiteElo "2379"]
[BlackElo "2397"]

1.e4 c5 2.Nc3 Nc6 3.Bb5 g6 4.Bxc6 bxc6 5.d3 Bg7 6.f4 d6 7.Nf3 Nf6 8.O-O Rb8
9.Kh1 Bg4 10.Qe1 Bxf3 11.Rxf3 Nd7 12.b3 O-O 13.Bb2 e6 14.Na4 f6 15.Rh3 Qe7
16.Qh4 Bh8 17.e5 d5 18.Re1 Rf7 19.f5 exf5 20.e6 Rff8 21.exd7 Qxd7 22.Nxc5 Qf7
23.Rhe3 Rfe8 24.Qf2 Bg7 25.Qe2 Rxe3 26.Qxe3 Bf8 27.Bd4 Rc8 28.Kg1 Rc7 29.Qe8 f4
30.Qxf7+ Kxf7 31.Ne6 Rc8 32.Nxf8 Rxf8 33.Bc5  1-0

[Event "3rd UKR Games Men"]
[Site "Evpatoria UKR"]
[Date "2007.05.23"]
[Round "5"]
[White "Loy,K"]
[Black "Dumansky,Y"]
[Result "1/2-1/2"]
[WhiteElo "1962"]
[BlackElo "2369"]

1.e4 c5 2.Nf3 Nc6 3.Nc3 e5 4.Bc4 Be7 5.d3 d6 6.O-O Nf6 7.Ng5 O-O 8.f4 h6
9.Nf3 exf4 10.Bxf4 Ng4 11.Nd5 Be6 12.Qd2 Kh7 13.Rae1 Rb8 14.a4 a6 15.c3 b5
16.axb5 axb5 17.Ba2 b4 18.d4 bxc3 19.bxc3 cxd4 20.cxd4 Bxd5 21.Bxd5 Qb6 22.Bxc6 Qxc6
23.Qd3 Qb5 24.Qxb5 Rxb5 25.h3  1/2-1/2

[Event "1st WCh-Team Women"]
[Site "Ekaterinburg RUS"]
[Date "2007.05.24"]
[Round "5"]
[White "Hou Yifan"]
[Black "Ushenina,A"]
[Result "1-0"]
[WhiteElo "2513"]
[BlackElo "2475"]

1.e4 c5 2.Nc3 Nc6 3.Bb5 g6 4.Bxc6 bxc6 5.d3 Bg7 6.Be3 Rb8 7.Qc1 Qb6 8.Nd1 d5
9.Ne2 dxe4 10.O-O Nf6 11.dxe4 Nxe4 12.Bh6 O-O 13.Bxg7 Kxg7 14.Qe3 Nf6 15.c4 Bf5
16.b3 Rbd8 17.Ndc3 Rd6 18.Na4 Qc7 19.Nxc5 Kg8 20.Ng3 Bc8 21.h3 Re8 22.Rfe1 Qa5
23.Re2 Red8 24.Rae1 Nd7 25.Nge4 Nxc5 26.Nxc5 Re8 27.Ne4 Re6 28.Qh6 f6 29.Qf4 Qe5
30.Qd2 Kg7 31.Ng5 Rd6 32.Rxe5 Rxd2 33.Rxe7+ Rxe7 34.Rxe7+ Kf8 35.Rf7+ Kg8
36.Rxf6 Bd7 37.Ne6 Bxe6 38.Rxe6 Rxa2 39.Rxc6 Ra1+ 40.Kh2 Rb1 41.Ra6 Rxb3
42.Rxa7 Rc3 43.Rc7 Rd3 44.f3 Rc3 45.Kg3 Rc2 46.h4 Rd2 47.c5 Rc2 48.c6 Rc4
49.Kf2  1-0

[Event "Capo d'Orso"]
[Site "Porto Mannu PAL"]
[Date "2007.05.24"]
[Round "7"]
[White "Nickel,A"]
[Black "Deruda,L"]
[Result "1-0"]
[WhiteElo "2101"]
[BlackElo "1794"]

1.Nf3 c5 2.e4 Nc6 3.Nc3 g6 4.Bb5 Bg7 5.d3 Nf6 6.Bxc6 dxc6 7.Be3 b6 8.h3 Ba6
9.Qd2 c4 10.d4 h6 11.O-O Bb7 12.a4 a6 13.Rfe1 g5 14.Nh2 b5 15.f3 Qc7 16.e5 Nd5
17.Ne4 O-O 18.Nc5 Rfd8 19.Bxg5 hxg5 20.Qxg5 Bc8 21.Re4 f6 22.Qg6 f5 23.Rh4 e6
24.f4 Qf7 25.Rh8+  1-0

[Event "National Masters"]
[Site "Lisbon POR"]
[Date "2007.05.25"]
[Round "5"]
[White "Damaso,R"]
[Black "Vitor,A"]
[Result "0-1"]
[WhiteElo "2438"]
[BlackElo "2367"]

1.e4 c5 2.Nc3 Nc6 3.Bb5 d6 4.Bxc6+ bxc6 5.f4 g6 6.Nf3 Bg4 7.O-O Bg7 8.d3 Nf6
9.Qe1 Bxf3 10.Rxf3 Nd7 11.Kh1 Rb8 12.b3 Qa5 13.Bd2 Qa3 14.e5 dxe5 15.Na4 Nb6
16.Bc1 Qb4 17.Bd2 Qa3 18.Nxb6 axb6 19.fxe5 Qb2 20.Bc3 Qxc2 21.Rf2 Qxd3 22.Rd1 Qa6
23.e6 f6 24.Rd7 O-O 25.Rxe7 Rbe8 26.Rd7 Qc8 27.Rfd2 Kh8 28.h3 Qb8 29.e7 Rg8
30.Qe6 Qf4 31.Rd1 f5 32.Bf6 Qe4 33.Qxe4 fxe4 34.Rd8 Bxf6 35.Rxe8 Rxe8  0-1

[Event "V Regina Helena Marques Prol"]
[Site "Santos BRA"]
[Date "2007.05.25"]
[Round "9"]
[White "Dolezal,C"]
[Black "Larrea,M"]
[Result "1/2-1/2"]
[WhiteElo "2414"]
[BlackElo "2317"]

1.e4 c5 2.Nf3 Nc6 3.Nc3 d6 4.d4 cxd4 5.Nxd4 Nf6 6.h3 e6 7.g4 a6 8.Bg2 Qc7
9.Be3 Ne5 10.g5 Nfd7 11.f4 Nc4 12.Bc1 b5 13.O-O Bb7 14.Nce2 e5 15.b3 Ncb6
16.Nf5 g6 17.Ne3 exf4 18.Bb2 Ne5 19.Nxf4 h6 20.c4 hxg5 21.Nfd5 Nxd5 22.Nxd5 Bxd5
23.Qxd5 Rd8 24.cxb5 Bg7 25.Rf2 axb5 26.Qxb5+ Rd7 27.Rc1 Qd8 28.Rfc2 O-O 29.Rc8 Qe7
30.Rxf8+ Bxf8 31.Rc8 Rb7 32.Qe8 Qxe8 33.Rxe8 Nd3 34.e5 Rd7 35.Bc6 Re7 36.Rxe7 Bxe7
37.exd6 Bxd6 38.Bf6 Nb4 39.Bb7 Nxa2 40.Bxg5 Kg7 41.Kf2 f6 42.Be3 Nb4 43.Ke2 g5
44.Be4 Kf7 45.Bd4 Ke6 46.Bc3 f5 47.Bb7 Nd5 48.Bc8+ Ke7 49.Bd4 Nf4+ 50.Kf3 Nxh3
51.Bxf5 Nf4 52.Ke4 Ne6 53.Be3 Kf6 54.Bg4 Nf4 55.Bd2 Ke7 56.b4 Kd8 57.b5 Kc7
58.Ba5+ Kb7 59.Bd8 Bc7 60.Bxg5 Kb6 61.Bd7 Ng6 62.Kd5 Bf4 63.Bd8+ Bc7 64.Bf6 Nf4+
65.Kc4 Ng6 66.Bc6 Ne5+ 67.Kd5 Nf7 68.Be7 Nd8 69.Bc5+ Ka5 70.Bd4 Nf7 71.Bc3+ Kb6
72.Bb4 Nd8 73.Bc5+ Ka5 74.Be7 Kb6 75.Bc5+  1/2-1/2

[Event "XXII Felix Cup"]
[Site "Felix Spa ROM"]
[Date "2007.05.27"]
[Round "5"]
[White "Samu,S"]
[Black "Szabo,At1"]
[Result "0-1"]
[WhiteElo "2223"]
[BlackElo "2381"]

1.e4 c5 2.Nc3 Nc6 3.Nf3 g6 4.d4 cxd4 5.Nxd4 Bg7 6.Be3 Nf6 7.Be2 O-O 8.Qd2 d5
9.Nxc6 bxc6 10.exd5 cxd5 11.O-O-O Bb7 12.f3 e5 13.Bc5 d4 14.Bxf8 Qxf8 15.Na4 Bh6
16.Kb1 Bxd2 17.Rxd2 Qb4  0-1

[Event "V Regina Helena Marques Prol"]
[Site "Santos BRA"]
[Date "2007.05.27"]
[Round "11"]
[White "Dolezal,C"]
[Black "Stamenkovic,Dr"]
[Result "1-0"]
[WhiteElo "2414"]
[BlackElo "2423"]

1.e4 c5 2.Nf3 Nc6 3.Nc3 g6 4.g3 Bg7 5.Bg2 e6 6.O-O Nge7 7.Ne2 d5 8.exd5 Nxd5
9.d4 cxd4 10.Nfxd4 Nxd4 11.Nxd4 O-O 12.c3 a6 13.a4 Qd6 14.Nc2 Qc7 15.a5 Bd7
16.Bxd5 exd5 17.Bf4 Qc5 18.Be3 Qb5 19.Bd4 Bh6 20.Ne3 Rfe8 21.Qf3 Bxe3 22.fxe3 f5
23.Qf4 Qc6 24.Qh6 Re7 25.Rf2 Qd6 26.g4 Qc7 27.Raf1 Rf8 28.Rf4 Rff7 29.h4 Bb5
30.R1f2 Re4 31.h5 Rxf4 32.Rxf4 gxh5 33.gxf5 Be2 34.b4 Qe7 35.f6 Qd6 36.Qg5+ Kh8
37.Rf5 Bg4 38.Re5 Qb8 39.Qf4 Bd7 40.Kg2 Qc8 41.Rxh5 Qc4 42.Kg3 Bc8 43.Qd6 Bd7
44.Qxd7  1-0

[Event "1st Open"]
[Site "Thun SUI"]
[Date "2007.05.28"]
[Round "6"]
[White "Haener,P"]
[Black "Dekan,H"]
[Result "0-1"]
[WhiteElo "2213"]
[BlackElo "2179"]

1.e4 c5 2.Nf3 Nc6 3.Nc3 d6 4.d4 cxd4 5.Nxd4 Nf6 6.Be2 e5 7.Nf3 Be7 8.O-O O-O
9.h3 h6 10.Bc4 Be6 11.Bb3 Rc8 12.Be3 a6 13.Qe2 Bxb3 14.axb3 d5 15.Nxd5 Nxd5
16.Rfd1 Nd4 17.Nxd4 Nxe3 18.Nc6 Qc7 19.Nxe7+ Qxe7 20.fxe3 Qh4 21.Ra4 Rc6
22.Rc4 Rg6 23.Kh1 b5 24.Rc5 Re8 25.Rdd5 Qg5 26.c4 b4 27.Ra5 Rf6 28.Ra1 Ree6
29.c5 Qg3 30.Rd2 Rc6 31.Rc1 g5 32.Rdc2 Kg7 33.Qe1 Qxe1+ 34.Rxe1 a5 35.Rd1 Kf8
36.Rd5 Rf1+ 37.Kh2 f6 38.Kg3 h5 39.Rd7 h4+ 40.Kg4 Re1 41.Kf5 Rf1+ 42.Kg6 Ke8
43.Rb7 f5+ 44.Kxg5 f4 45.Rb6 Kd7 46.Rb7+ Ke6 47.Rb6 Kd7 48.exf4 Rxf4 49.Rb7+ Ke6
50.Rh7 Rxe4 51.Rxh4 Rxh4 52.Kxh4 e4 53.Kg4 Ke5 54.Kg3 Kd4 55.Kf2 Kd3 56.Rc4 e3+
57.Ke1 Rf6 58.g3 Rf3 59.Rf4 Rxg3 60.c6 Rg1+ 61.Rf1 Rg6 62.c7 Rc6  0-1

[Event "1st Open"]
[Site "Thun SUI"]
[Date "2007.05.28"]
[Round "6"]
[White "Kurmann,O"]
[Black "Staub,G"]
[Result "1-0"]
[WhiteElo "2433"]
[BlackElo "2045"]

1.e4 c5 2.Nf3 Nc6 3.Nc3 Nf6 4.Bb5 e6 5.O-O d5 6.Bxc6+ bxc6 7.Qe2 Nxe4 8.Nxe4 dxe4
9.Qxe4 Qd5 10.Qe2 Bd6 11.b3 O-O 12.Bb2 f6 13.d3 Qh5 14.Rae1 Bd7 15.h3 Qf5
16.Qe4 Rae8 17.Nd2 g5 18.Ba3 Rf7 19.Re2 Bf8 20.f4 Qd5 21.c4 Qd4+ 22.Qxd4 cxd4
23.Bxf8 Rexf8 24.fxg5 fxg5 25.Rxf7 Rxf7 26.Nf3 Re7 27.Re5  1-0

[Event "XXII Felix Cup"]
[Site "Felix Spa ROM"]
[Date "2007.05.30"]
[Round "8"]
[White "Hajbok,R"]
[Black "Miron,L"]
[Result "1/2-1/2"]
[WhiteElo "2094"]
[BlackElo "2375"]

1.e4 c5 2.Nf3 Nc6 3.Nc3 e5 4.Bc4 d6 5.d3 Nf6 6.Ng5 Be6 7.Nxe6 fxe6 8.Bxe6 a6
9.O-O Nd4 10.Bd5 Nxd5 11.Nxd5 Be7 12.c3 Nc6 13.Qh5+ g6 14.Qh6 Bf8 15.Qh3 Qc8
16.Nf6+ Kd8 17.Qxc8+ Rxc8 18.Nd5 Bg7 19.g3 Ke8 20.Kg2 Ne7 21.Nxe7 Kxe7 22.Be3 Ke6
23.f4 exf4 24.Rxf4 b5 25.Rf2 a5 26.Raf1 Rc7 27.Bg5 b4 28.c4 Bd4 29.Bf6 Bxf2
30.Bxh8 Be3 31.Bf6 a4 32.g4 g5 33.Rf5 h6 34.h3 Rf7 35.Bh8 Rb7 36.Kf3 Bc1
37.Rf8 a3 38.bxa3 Bxa3 39.Ba1 Bc1 40.Rf6+ Kd7 41.e5 dxe5 42.Bxe5 h5 43.Rd6+ Ke8
44.Rd5 hxg4+ 45.Kxg4 Ra7 46.Rxc5 Rxa2 47.Rb5 Bd2 48.Bd6  1/2-1/2

[Event "Doroshkevich Mem"]
[Site "Belorechensk RUS"]
[Date "2007.05.31"]
[Round "3"]
[White "Tseshkovsky,V"]
[Black "Anoshkin,A"]
[Result "1-0"]
[WhiteElo "2517"]
[BlackElo "2363"]

1.e4 c5 2.Nf3 Nc6 3.Nc3 e5 4.Bc4 Be7 5.d3 d6 6.Nd2 Nf6 7.Nf1 Bg4 8.f3 Be6
9.Ne3 O-O 10.O-O Rb8 11.a3 Nd7 12.g3 Nd4 13.Ncd5 b5 14.Ba2 Nb6 15.c3 Nc6
16.f4 exf4 17.gxf4 Bf6 18.Kh1 Bxd5 19.Bxd5 Nxd5 20.Nxd5 Bh4 21.f5 Ne7 22.f6 Nxd5
23.fxg7 Re8 24.Qh5 Qe7 25.exd5 c4 26.Bd2 cxd3 27.Rf3 Rb7 28.Re3 Qd8 29.Rxe8+ Qxe8
30.Qxh4  1-0

[Event "XXII Felix Cup"]
[Site "Felix Spa ROM"]
[Date "2007.05.31"]
[Round "9"]
[White "Stanciulescu,S"]
[Black "Bonte,An"]
[Result "0-1"]
[WhiteElo "2039"]
[BlackElo "2305"]

1.e4 c5 2.Nf3 Nc6 3.Nc3 Nf6 4.e5 Ng4 5.Qe2 Qc7 6.Nb5 Qb8 7.d4 cxd4 8.Bf4 g5
9.Bg3 Bg7 10.e6 Nge5 11.exf7+ Kf8 12.Nbxd4 d6 13.c3 Nxd4 14.Nxd4 h5 15.h4 g4
16.Qe4 Nxf7 17.Ne6+ Bxe6 18.Qxe6 Qc8 19.Bc4 Qxe6+ 20.Bxe6 Rh6 21.Bd5 e6 22.Bb3 Be5
23.Bxe5 Nxe5 24.O-O-O Ke7 25.Rd2 Rf8 26.Rhd1 d5 27.Re2 Kd6 28.c4 Rc8 29.Rc2 Rf6
30.cxd5 Rxc2+ 31.Bxc2 Rxf2 32.dxe6+ Kxe6 33.Be4 b5 34.Rd2 g3 35.Kd1 Nc4 36.Re2 Nxb2+
37.Ke1 Rxe2+ 38.Kxe2 Na4 39.Kd2 Kf6 40.Bf3 Kg6 41.Be4+ Kf6 42.Bf3 b4 43.Bxh5 Nc3
44.Kc2 Nxa2 45.Kb3 Nc1+ 46.Kxb4 Nd3+ 47.Ka5 Ne1 48.Be8 Nxg2 49.h5 Ne1 50.Bc6 Kg5
51.h6 Kxh6 52.Ka6 Kg5 53.Kxa7 Kg4 54.Bh1 Kh3 55.Be4 Kh2 56.Kb6 Kg1 57.Bf5 Kf2
58.Bh3 Nf3 59.Kc5 Ng5  0-1

[Event "10th IHEM"]
[Site "Hamburg GER"]
[Date "2007.06.01"]
[Round "7"]
[White "Maahs,E"]
[Black "Jacoby,G"]
[Result "1/2-1/2"]
[WhiteElo "2193"]
[BlackElo "2252"]

1.e4 c5 2.Nf3 Nc6 3.Nc3 Nf6 4.d4 cxd4 5.Nxd4 d6 6.Be2 e5 7.Nb3 Be6 8.Bg5 Be7
9.Qd2 O-O 10.O-O a5 11.a4 Nb4 12.Rad1 Rc8 13.Nc1 h6 14.Bxf6 Bxf6 15.Bd3 Qb6
16.Qe2 Nxd3 17.Nxd3 Rfe8 18.Rb1 Rc4 19.Kh1 Qc6 20.f3 Bd8 21.Rfc1 f5 22.Ra1 Bb6
23.exf5 Bxf5 24.Nb5 e4 25.fxe4 Rcxe4 26.Qf3 Bg4 27.Qg3 d5 28.Qd6 R8e6 29.Qxc6 bxc6
30.Nc3 Rc4 31.Re1 Rxe1+ 32.Rxe1 Bd4 33.Re8+ Kh7 34.Ra8 Bxc3 35.bxc3 Rxc3
36.Rxa5 Rxc2 37.Kg1 Bf5 38.Nb4 Rc4 39.Na6 Bc2 40.Nc5 Rf4 41.g3 Rf6 42.Ra8 Bf5
43.Kf2 d4 44.Rd8 Bg4+ 45.Ke1 Rf5 46.Rxd4 Rxc5 47.Rxg4 g5 48.Kd2 h5 49.Rb4 Kg6
50.h3 Kf5 51.g4+ hxg4 52.Rxg4 Ke6 53.Kd3 Kd6 54.Kd4 Rd5+ 55.Kc4 Rf5 56.Rg3  1/2-1/2

[Event "29th Mem Nezhmetdinov"]
[Site "Kazan RUS"]
[Date "2007.06.01"]
[Round "1"]
[White "Isajevsky,A"]
[Black "Bashkirov,A"]
[Result "1-0"]
[WhiteElo "2466"]
[BlackElo "2158"]

1.e4 c5 2.Nc3 Nc6 3.Bb5 Nd4 4.Bc4 e6 5.Nge2 d6 6.Nxd4 cxd4 7.Ne2 Nf6 8.d3 Qb6
9.O-O Be7 10.a4 a6 11.a5 Qa7 12.Ng3 h5 13.h3 h4 14.Ne2 Nd7 15.f4 b5 16.Ba2 Bb7
17.Kh1 Qc5 18.Bd2 Nf6 19.b4 Qa7 20.Be1 e5 21.Bf2 Qb8 22.Qe1 Qc7 23.Rc1 Qd7
24.c3 d5 25.fxe5 Ng4 26.Bxd4 O-O-O 27.Bxd5 Bxd5 28.exd5 Qxd5 29.Nf4 Qb7 30.hxg4 h3
31.Qe4 hxg2+ 32.Kxg2  1-0

[Event "7th ch-Euro Senior"]
[Site "Hockenheim GER"]
[Date "2007.06.02"]
[Round "1"]
[White "Khazankin,M"]
[Black "Rashkovsky,N"]
[Result "0-1"]
[WhiteElo "2112"]
[BlackElo "2496"]

1.e4 c5 2.Nc3 Nc6 3.Bb5 Nd4 4.Bc4 e6 5.Nge2 Nxe2 6.Qxe2 Ne7 7.O-O Nc6 8.f4 Be7
9.d3 a6 10.a4 O-O 11.Be3 d6 12.Kh1 Rb8 13.g4 b5 14.axb5 axb5 15.Bb3 b4 16.Na4 Na5
17.Rf3 Bb7 18.Rh3 Nxb3 19.cxb3 g6 20.g5 f5 21.gxf6 Bxf6 22.Rg1 Bg7 23.Qg4 Rf7
24.Rhg3 Qf6 25.h4 e5 26.fxe5 Qxe5 27.Qg5 Bc6 28.Bc1 c4 29.Qxe5 Bxe5 30.Rg5 cxd3
31.Rxe5 dxe5 32.Nc5 Rb5 33.Be3 Rf3  0-1

[Event "7th ch-Euro Senior"]
[Site "Hockenheim GER"]
[Date "2007.06.03"]
[Round "2"]
[White "Gousseinov,A"]
[Black "Loktiev,I"]
[Result "0-1"]
[WhiteElo "2049"]
[BlackElo "2350"]

1.e4 c5 2.Nc3 Nc6 3.Bb5 Nd4 4.Bc4 g6 5.Nge2 Bg7 6.O-O e6 7.d3 Ne7 8.Nxd4 cxd4
9.Nb5 d6 10.c3 dxc3 11.Nxc3 O-O 12.Bg5 Re8 13.Qd2 a6 14.a4 Bd7 15.f4 Bc6
16.Rae1 d5 17.Bxe7 Qb6+ 18.Kh1 dxc4 19.Bh4 cxd3 20.f5 exf5 21.exf5 Rxe1 22.Rxe1 Qd4
23.Bf2 Qg4 24.Bb6 Qxf5 25.Kg1 Re8 26.Rd1 h5 27.Qxd3 Re1+  0-1

[Event "35th World Open"]
[Site "King of Prussia USA"]
[Date "2007.06.03"]
[Round "7"]
[White "Schneider,Ig"]
[Black "Aramil,W"]
[Result "0-1"]
[WhiteElo "2337"]
[BlackElo "2222"]

1.e4 c5 2.Nc3 Nc6 3.Nf3 g6 4.d4 cxd4 5.Nxd4 Bg7 6.Be3 d6 7.Qd2 Nf6 8.f3 O-O
9.Bc4 Bd7 10.O-O-O Rb8 11.Bb3 Na5 12.Kb1 b5 13.h4 Nc4 14.Bxc4 bxc4 15.Ka1 h5
16.Nd5 Nxd5 17.exd5 Qc8 18.c3 Rb6 19.Nc6 Bxc6 20.Bxb6 axb6 21.dxc6 Qxc6 22.Kb1 Ra8
23.Qc2 Qb5 24.Rhe1 Ra3 25.Re3 d5 26.Rxd5 Qxd5 27.bxa3 Qc5 28.Re4 b5 29.Qc1 e6
30.Re2 Bf6 31.Re4 Qf2 32.Qc2 Qg1+ 33.Kb2 Qc5 34.Kc1 Qxa3+ 35.Kd2 Qc5 36.Qd1 Qd6+
37.Kc2 Qa3 38.Qa1 Qa7 39.Re2 b4 40.Kd1 Qg1+ 41.Re1 Qxg2  0-1

[Event "TCh-BIH"]
[Site "Vogosca BIH"]
[Date "2007.06.03"]
[Round "2"]
[White "Kovacevic,A"]
[Black "Saric,Iv"]
[Result "1/2-1/2"]
[WhiteElo "2555"]
[BlackElo "2463"]

1.e4 c5 2.Nc3 Nc6 3.Bb5 Nd4 4.Bc4 e6 5.Nge2 Nf6 6.O-O a6 7.a4 Nxe4 8.Nxe4 d5
9.d3 dxc4 10.dxc4 Be7 11.c3 Nxe2+ 12.Qxe2 Qc7 13.Qg4 Qe5 14.Qf4 Qxf4 15.Bxf4 Bd7
16.Nd6+ Bxd6 17.Bxd6 Rc8 18.Ra3 Rc6 19.Rd1 f6 20.f4 Bc8 21.a5 Kf7 22.Bb8 Ke7
23.Ba7 Rd8 24.Raa1 Rxd1+ 25.Rxd1 Bd7 26.Kf2 Rc8 27.b3 Be8 28.Ke3 Bg6 29.Rd2 Bf5
30.Bb6 h6 31.h4 h5 32.Rb2 Bg6 33.Re2 Be8 34.Rc2 Bd7 35.Rc1 Be8 36.g3 Bg6
37.b4 cxb4 38.cxb4 Be8 39.Bc5+ Kf7 40.Rd1 Bc6 41.Rd6 Rc7 42.Rd8 Kg6 43.Bd6 Rd7
44.Rxd7 Bxd7 45.Bf8 Kf7 46.Bd6 Bc6 47.Kd4 Kg6 48.Bf8 Kf7 49.Bd6 Kg6 50.Bf8 Kf7  1/2-1/2

[Event "35th World Open"]
[Site "King of Prussia USA"]
[Date "2007.06.04"]
[Round "8"]
[White "Hess,Ro"]
[Black "Fedorowicz,J"]
[Result "0-1"]
[WhiteElo "2412"]
[BlackElo "2457"]

1.e4 c5 2.Nc3 Nc6 3.Bb5 Nd4 4.Bc4 e6 5.Nge2 Nf6 6.O-O a6 7.a4 d5 8.exd5 exd5
9.Nxd5 Nxd5 10.Nxd4 cxd4 11.Qh5 Be6 12.Re1 Nf4 13.Qf3 Be7 14.Qxb7 O-O 15.d3 Bxc4
16.Qxe7 Qxe7 17.Rxe7 Ng6 18.Rd7 Be6 19.Rxd4 Rfc8 20.c3 Rab8 21.a5 h6 22.Rd6 Rd8
23.Rxa6 Rxd3 24.h3 Rd1+ 25.Kh2 Ne5 26.Rb6 Ra8 27.a6 Nd7 28.Rb4 Nb8 29.Rb6 Nxa6
30.b4 Kh7 31.Raxa6 Rxa6 32.Rxa6 Rxc1 33.Rc6 Rc2 34.Kg3 g5 35.b5 h5 36.b6 h4+
37.Kh2 Rxf2 38.c4 Rb2 39.Kg1 Kg7 40.c5 Rxg2+  0-1

[Event "35th World Open"]
[Site "King of Prussia USA"]
[Date "2007.06.04"]
[Round "8"]
[White "Stanley,D"]
[Black "Khachiyan,M"]
[Result "0-1"]
[WhiteElo "2019"]
[BlackElo "2475"]

1.e4 c5 2.Nf3 Nc6 3.Nc3 g6 4.d4 cxd4 5.Nxd4 Bg7 6.Be3 Nf6 7.Bc4 O-O 8.Bb3 d6
9.f3 Qa5 10.Qd2 Nxd4 11.Bxd4 Be6 12.Bxe6 fxe6 13.O-O-O Nd7 14.Bxg7 Kxg7 15.h4 h6
16.Kb1 Rac8 17.Ne2 Qxd2 18.Rxd2 e5 19.Nc3 Nc5 20.Nd5 Kf7 21.c3 Rh8 22.Ne3 h5
23.Rg1 Nd7 24.Nd5 Rcg8 25.g4 g5 26.gxh5 Rxh5 27.hxg5 Rgxg5 28.Rxg5 Rxg5 29.Rh2 Nf6
30.Nxf6 Kxf6 31.Kc2 Rg3 32.Rh8 Ke6 33.Rb8 b6 34.Rb7 Rxf3 35.Rxa7 Re3 36.Rb7 Rxe4
37.Rxb6 Ra4 38.Kb3 Ra8 39.Rb4 Kf5 40.Rb7 Ke6 41.Rb4 Kd5 42.a4 e4 43.Rd4+ Ke5
44.Kc2 Kf4 45.Kd2 Kf3 46.Rd5 e3+ 47.Kd3 e5 48.Rxd6 Rxa4 49.c4 e4+ 50.Kc3 e2
51.Kd2 e3+  0-1

[Event "XV Lasker Mem Open A"]
[Site "Barlinek POL"]
[Date "2007.06.05"]
[Round "4"]
[White "Ogonowska,K"]
[Black "Tokarski,L"]
[Result "0-1"]
[WhiteElo "1887"]
[BlackElo "2164"]

1.e4 c5 2.Nf3 Nc6 3.Nc3 d6 4.d4 cxd4 5.Nxd4 Nf6 6.Be2 e5 7.Nb3 Be6 8.Be3 Be7
9.O-O O-O 10.f3 a5 11.Bb5 Na7 12.Ba4 Qc7 13.Nd2 Nd7 14.Nb5 Nxb5 15.Bxb5 Rac8
16.c3 f5 17.exf5 Rxf5 18.Bd3 Rff8 19.f4 Nf6 20.fxe5 dxe5 21.Bf5 Bxf5 22.Rxf5 Nd5
23.Rxf8+ Rxf8 24.Bf2 Nf4 25.Qb3+ Kh8 26.Qb5 Qd6 27.Ne4 Qg6 28.Ng3 Qc2 29.Qb6 Nd5
30.Qa7 Qxb2 31.Re1 Qxc3 32.Rd1 Rxf2 33.Ne4 Qe3 34.Qxe3 Rxg2+ 35.Kh1 Nxe3
36.Rd3 Re2  0-1

[Event "7th ch-Euro Senior"]
[Site "Hockenheim GER"]
[Date "2007.06.05"]
[Round "4"]
[White "Gousseinov,A"]
[Black "Siegmund,R"]
[Result "0-1"]
[WhiteElo "2049"]
[BlackElo "2179"]

1.e4 c5 2.Nc3 Nc6 3.Bb5 Nd4 4.Bc4 e6 5.d3 d6 6.Nge2 g6 7.O-O Bg7 8.a3 Ne7
9.Bg5 h6 10.Bh4 O-O 11.f4 Kh7 12.Ng3 f6 13.Nge2 a6 14.Nxd4 cxd4 15.Ne2 f5
16.c3 dxc3 17.bxc3 Qc7 18.Qb3 d5 19.exd5 exd5 20.Bxd5 Qc5+  0-1

[Event "5th V Nabokov Mem"]
[Site "Kyiv UKR"]
[Date "2007.06.05"]
[Round "3"]
[White "Kernazhitsky,L"]
[Black "Solomaha,A"]
[Result "1-0"]
[WhiteElo "2364"]
[BlackElo "2307"]

1.e4 c5 2.Nc3 Nc6 3.Bb5 Nd4 4.Bc4 g6 5.Nf3 Bg7 6.Nxd4 cxd4 7.Qf3 Nh6 8.Ne2 O-O
9.d3 Ng4 10.Bb3 d6 11.Bd2 Ne5 12.Qg3 Nd7 13.h4 Nc5 14.h5 Nxb3 15.axb3 e5
16.f4 Bf6 17.hxg6 fxg6 18.f5 Qe8 19.O-O-O Bd7 20.Bh6 Bg7 21.Bxg7 Kxg7 22.Qh4 Rh8
23.Qh6+ Kg8 24.Rdf1 Qf8 25.Qg5 Qd8 26.f6 Be6 27.Ng3 Qc7 28.Nf5 Bxb3 29.f7+  1-0

[Event "ch-St Petersburg"]
[Site "St Petersburg RUS"]
[Date "2007.06.05"]
[Round "8"]
[White "Anisimov,P"]
[Black "Yemelin,V"]
[Result "1/2-1/2"]
[WhiteElo "2497"]
[BlackElo "2564"]

1.e4 c5 2.Nf3 Nc6 3.Nc3 d6 4.d4 cxd4 5.Nxd4 Nf6 6.Bg5 Qb6 7.Nb3 e6 8.Bxf6 gxf6
9.Qd2 a6 10.O-O-O Qc7 11.f4 b5 12.Kb1 Rb8 13.Ne2 b4 14.Ned4 Nxd4 15.Nxd4  1/2-1/2

[Event "German Int ch-Youth"]
[Site "Neuhausen GER"]
[Date "2007.06.06"]
[Round "3"]
[White "Kurmann,O"]
[Black "Hirneise,T"]
[Result "1/2-1/2"]
[WhiteElo "2433"]
[BlackElo "2307"]

1.e4 c5 2.Nc3 Nc6 3.Nf3 d6 4.d4 cxd4 5.Nxd4 Nf6 6.Bg5 e6 7.Qd2 a6 8.O-O-O Bd7
9.f3 h6 10.Be3 b5 11.Nxc6 Bxc6 12.Ne2 Qc7 13.Nd4 Bb7 14.Kb1 Rc8 15.Bd3 Nd7
16.Rhe1 Ne5 17.Qf2 Nc4 18.Bxc4 Qxc4 19.Nb3 Ba8 20.Rd3 Qc7 21.Bd4 e5 22.Bb6 Qb8
23.Ba7 Qc7 24.Bb6 Qb8 25.Ba5 Be7 26.Red1 O-O 27.Bb4 f5 28.exf5 e4 29.fxe4 Bxe4
30.Rc3 Bxf5 31.Qe1  1/2-1/2

[Event "7th ch-Euro Senior"]
[Site "Hockenheim GER"]
[Date "2007.06.07"]
[Round "6"]
[White "Onoprienko,V"]
[Black "Fischer,G1"]
[Result "1/2-1/2"]
[WhiteElo "2342"]
[BlackElo "2175"]

1.e4 c5 2.Nc3 Nc6 3.Nf3 d6 4.d4 cxd4 5.Nxd4 a6 6.Bc4 e6 7.Be3 Nf6 8.O-O Be7
9.Bb3 O-O 10.f4 Qc7 11.f5 Nxd4 12.Bxd4 b5 13.fxe6 fxe6 14.Kh1 Kh8 15.a3 Bd7
16.Qe2 e5 17.Be3 h6 18.Qd3 Bc6 19.Nd5 Bxd5 20.exd5 Ng4 21.Bg1 Rxf1 22.Rxf1 Rf8
23.a4 Rxf1 24.Qxf1 bxa4 25.Bxa4 Nf6 26.Qxa6 Qb8 27.Bc6 Qxb2 28.c4 Qb8 29.Bb5 Ne4
30.Qc6 Qf8 31.Qe8 Qxe8 32.Bxe8 Nd2 33.Bb5 Kg8 34.Be3 Ne4 35.Kg1 Kf7 36.Kf1 Bg5
37.Bb6 Ke7 38.Ke2 h5 39.Kd3 Nc5+  1/2-1/2